Riadenie ochrany životného prostredia v podniku po vstupe do EÚ

Saved in:
Bibliographic Details
Main Author: Andrejovský, Pavol, 1975-
Format: Book Chapter
Language:Slovak
Tags: Add Tag
No Tags, Be the first to tag this record!

MARC

LEADER 00000nla$a2200000$$$4500
001 0120700
005 20240502072350.1
041 0 |a slo 
044 |a SK 
245 1 0 |a Riadenie ochrany životného prostredia v podniku po vstupe do EÚ  |c Pavol Andrejovský 
100 1 |a Andrejovský, Pavol, 1975-